Sports Quiz

Random Sports or WWE Quiz

Current WWE Roster (06/10/10) Quiz Stats

 Plays Quiz not verified by Sporcle

Challenge
Share
Tweet
Embed
Score 0/96 Timer 10:00
0 Plays Today
Brand Name % Correct
RawJohn Cena
93.7%
RawThe Miz
90.1%
SmackdownThe Undertaker
89.8%
RawEdge
88.9%
RawChris Jericho
88.3%
RawRandy Orton
88.3%
RawMichael Cole
88%
SmackdownThe Big Show
88%
RawJerry 'The King' Lawler
87.1%
RawTriple H
86.8%
SmackdownKane
86.8%
SmackdownMichelle McCool
85.9%
RawJohn Morrison
85.3%
RawTyson Kidd
82.9%
SmackdownBeth Phoenix
82.9%
SmackdownChristian
82.9%
RawDavid Hart Smith
82.3%
SmackdownCM Punk
81.4%
RawR-Truth
81.1%
SmackdownJack Swagger
81.1%
SmackdownVickie Guerrero
81.1%
SmackdownCody Rhodes
80.5%
SmackdownKofi Kingston
80.5%
SmackdownLayla
80.5%
SmackdownMatt Striker
80.2%
SmackdownChavo Guerrero
79.3%
SmackdownTheodore Long
79.3%
SmackdownKelly Kelly
78.4%
RawSheamus
77.8%
SmackdownRey Mysterio
77.5%
RawMaryse
77.2%
RawTed DiBiase Jr
77.2%
Brand Name % Correct
RawMark Henry
76.9%
SmackdownMatt Hardy
76.9%
SmackdownDrew McIntyre
75.7%
RawEve
75.4%
RawMelina
75.4%
SmackdownJim Ross
75.4%
RawWilliam Regal
75.1%
RawThe Great Khali
74.5%
RawNatalya
74.2%
SmackdownMVP
73.9%
RawAlicia Fox
72.7%
RawBrie Bella
70.6%
RawNikki Bella
70%
RawBret Hart
68.2%
SmackdownLuke Gallows
68.2%
RawSantino Marella
67.6%
RawZack Ryder
67.6%
SmackdownDolph Ziggler
67.3%
RawPrimo
66.7%
RawGoldust
66.4%
RawEvan Bourne
66.1%
SmackdownFinlay
66.1%
RawEzekiel Jackson
65.2%
SmackdownHornswoggle
63.7%
RawVladimir Kozlov
62.5%
RawWade Barrett
62.5%
NXTJosh Mathews
62.2%
RawGail Kim
61.9%
SmackdownTodd Grisham
61.9%
RawYoshi Tatsu
60.7%
SmackdownSerena
60.4%
RawJustin Roberts
59.8%
Brand Name % Correct
RawJillian
58.6%
NXTDavid Otunga
58.3%
SmackdownChris Masters
57.7%
NXTDaniel Bryan
57.1%
SmackdownTony Chimel
56.8%
NXTJustin Gabriel
55.6%
SmackdownJTG
54.7%
SmackdownTiffany
53.5%
SmackdownShad Gaspard
52.9%
SmackdownRosa Mendes
52.3%
NXTHeath Slater
52.3%
NXTMichael Tarver
49.8%
NXTDarren Young
48.3%
SmackdownVance Archer
46.8%
RawRanjin Singh
44.7%
SmackdownCaylen Croft
43.5%
SmackdownTyler Reks
43.5%
SmackdownTrent Barreta
43.2%
RawJey Uso
41.7%
NXTSavannah
41.4%
RawJohn Uso
40.8%
NXTKaval
37.5%
NXTSkip Sheffield
37.5%
NXTAlex Riley
36.3%
NXTHusky Harris
35.4%
RawTamina
35.1%
NXTEli Cottonwood
28.8%
NXT´╗┐Michael McGillicutty
28.8%
NXTTitus O'Neil
28.8%
NXTLucky Cannon
27%
NXTPercy Watson
24.9%
NXTJamie Keyes
22.2%

You're not logged in!

Compare scores with friends on all Sporcle quizzes.
OR
Log In

You Might Also Like...

Show Comments

Extras

Created Apr 30, 2010SourceReportNominate
Tags:WWE Quiz, brand, roster

Top Quizzes Today


Score Distribution

Your Account Isn't Verified!

In order to create a playlist on Sporcle, you need to verify the email address you used during registration. Go to your Sporcle Settings to finish the process.

Report this User

Report this user for behavior that violates our Community Guidelines.

Details: